[Event "POL-ch"]
[Site "Warsaw"]
[Date "2004.05.04"]
[Round "10"]
[White "Kempinski, Robert"]
[Black "Jaracz, Pawel"]
[Result "1-0"]
[WhiteElo "2586"]
[BlackElo "2539"]
[Annotator "Roiz,M"]
[PlyCount "49"]
[EventDate "2004.04.24"]
[EventType "tourn"]
[EventRounds "13"]
[EventCountry "POL"]
[EventCategory "12"]
[SourceTitle "CBM 101"]
[Source "ChessBase"]
[SourceDate "2004.07.27"]
[SourceVersion "1"]
[SourceVersionDate "2004.07.27"]
[SourceQuality "1"]

1. d4 Nf6 2. c4 e6 3. Nf3 b6 4. e3 {That solid and quiet system gains a
popularity nowdays.} Bb7 5. Bd3 d5 6. b3 ({white's last move avoids a popular
system which can arise after} 6. O-O dxc4 7. Bxc4 a6) 6... Nbd7 7. O-O Bd6 8.
Bb2 O-O 9. Nbd2 {That move is usually connected with 10.Ne5, while the long
diagon is not closed. White is trying to exploit his extra tempo for occupying
an important spot on e5 and starting some active operation on the kside(f2-f4
and Rf1-f3 later).} ({The most ambitious continuation here is:} 9. Nc3 a6 10.
Qe2 {-see my comments to 1-0 Kacheishvili,G-Sokolov,A/ EU-chT (Men) [Roiz]})
9... Qe7 {That move is standard in that type of positions - now e6-e5 may be
an equalizing method by the way.} (9... Ne4 10. Rc1 Nxd2 11. Nxd2 Qh4 12. h3 c5
13. cxd5 Bxd5 14. Bc4 Bb7 15. Nf3 Qe7 16. Qe2 cxd4 17. Nxd4 a6 $11 {1-0
Harikrishna,P-Bakre,T/Calicut IND 2003 (88)}) ({another possible continuation
is} 9... c5 {which leads to a symetrical position with an extra tempo for
white. That fact is not so important, since the position is closed.} 10. Qe2
Qc7 11. Rac1 dxc4 12. Rxc4 Ba6 13. Rc2 Bxd3 14. Qxd3 Qb7 15. dxc5 Bxc5 $11 {
1/2-1/2 Ageichenko,G-Kalinin,A/Moscow 1997/EXT 2000 (46)}) 10. Ne5 c5 {Quite
the best reaction on white's last move.} 11. Nxd7 {That continuation is less
risky than 11.f4, but hardly can promise much, as the exchanges are favourable
for black.} (11. cxd5 Bxd5 12. e4 Bb7 13. Nxd7 Nxd7 14. e5 Bc7 15. f4 cxd4 16.
Qc2 Rac8 17. Bxh7+ Kh8 $13 {0-1 Bykhovsky,A-Har Zvi,R/Tel Aviv 1996/CBM 53 (27)
}) (11. Qe2 Rad8 12. Rad1 Rfe8 13. Bc2 Nf8 $11 14. e4 $2 cxd4 15. Bxd4 Bb4 16.
exd5 exd5 $17 {0-1 Ortega Ruiz,J-Franco Alonso,A/La Algaba 2001/EXT 2002 (30)})
({The most logical seems to be} 11. f4 Rad8 $6 (11... Ne4 $142) (11... cxd4
$142 12. exd4 Ne4) 12. Qc2 g6 13. Rae1 Rfe8 14. cxd5 Nxd5 15. Bb5 Bxe5 16. fxe5
cxd4 17. Bxd4 $14 {1/2-1/2 Littlewood,P-Smith,A/Southport 1983/EXT 99 (28)})
11... Nxd7 12. cxd5 exd5 {That pawn structure is typical and can arise from
different opening lines. White has a clear objects for pressure: he can always
take on c5 and to ask black:''what kind of position do you choose?''. In case
of Bxc5 white would probably reach a stable advantage, since it's not easy for
black to get a real compensation for his isolated pawn. But black's pieces are
comfortably developed, and that allows his to take with a pawn. In that case
his knight could be placed on f6 and even on e4. As well, he could advance his
''a'' pawn. On the other side, white's bishops are at the attacking positions,
but they are not so useful for putting pressure on black's centre. That's why
black shouldn't worry too much about the pawn structure.} 13. Nf3 (13. Qg4 Qe6
$1 14. Bf5 $140 Qh6 $11) 13... Nf6 $146 {In my opinion, it was beeter to wait
with that move in order to keep control on e5.} (13... Rfd8 14. Qe2 a5 15. a4
Nb8 $6 (15... Nf8 $142 16. Rac1 Ne6 $11) 16. Qc2 h6 17. Qc3 Qf6 18. Bb1 g6 19.
Qd2 Qe7 20. Re1 $36 {0-1 Safin,S-Barsov,A/Tashkent 1992/EXT 97 (36)}) 14. Qe2 {
[%cal Gd3a6]} a5 $1 {[%cal Ga5a4] Black's Bb7 looks passively, but actually
it's very important, as Pd5 will be very vulnerable after the exchange of Bb7.
As well,white shouldn't understate black's possible counterplay with a5-a4.}
15. Nh4 $5 {provoking g7-g6, which would seriously compromise the position of
black's monarch.} ({After} 15. Rfd1 Ne4 16. dxc5 bxc5 {black has a good
position.}) 15... g6 16. a4 ({I don't see how can white exploit the wekaness
of the long diagonal after} 16. Nf3 a4 17. dxc5 bxc5 $11) 16... Ne4 {This move
is more or less necessary, since white can open the long diagonal at any
moment.} 17. Nf3 f5 $11 {Black has reached a normal position due to activity
of his pieces.} 18. Rac1 Rf7 {That move is slighty inaccurate,as the rook is
vulnerable here.} ({It was better to make a profilcatic moves:} 18... h6 19.
Ba1 (19. Ne5 Bxe5 20. dxe5 Ng5 $132) 19... Kh7 20. Ne5 Bxe5 21. dxe5 Ng5 $132 {
[%cal Gg5e6] with a solid position.}) 19. Ba1 {[%cal Ge2b2]} h6 20. dxc5 Bxc5
$5 {An interesting original decision! It looks like white should be better in
view of weakness of black isolated pawn d5 and some weak squares around it,
but actually that is not very significant, as black has a very reasonable
counterchanses which connected with f5-f4 and a strong pressure on f2.} ({After
} 20... bxc5 21. Qb2 Kh7 22. Ne5 Rff8 23. f4 $14 {and black has an acceptable
position,but white's chanses should be prefered.}) 21. Qb2 Kh7 {[%cal Gc5a3]}
22. Rc2 ({It's important to notice,that there was no time to regroup the
pieces:} 22. Ne5 Rff8 23. Bb5 $2 {in view of} Ba3 $17) 22... Qe6 $6 {A solid,
but slighty passive continuation, which allows white to regroup his pieces.} ({
Besides, there was a nice opportunity of:} 22... f4 $5 23. Ne5 Rf5 24. Bxe4
dxe4 25. exf4 (25. Rd2 $2 fxe3 26. Rd7 exf2+ 27. Kh1 Rxe5 28. Rxe7+ Rxe7 $19)
25... e3 $1 (25... Rxf4 $2 26. Rd2 $40) 26. Rxc5 $1 exf2+ 27. Rxf2 bxc5 28. Qc2
Rd8 $132 {with a counterchanses for black.}) 23. Bb5 $1 {[%csl Rc6,Re8][%cal
Yb5e8,Gf3e5,Ge5d3] Taking an important squares under control. Black's position
is already quite unpleasant - he has a lot of weaknesses, while white is not
in a hurry. White is intending to transfer the knight to d3 in order to
exchange black's best piece Bc5 or to get a full control on ''c'' file.} Re7
24. Ne1 $6 {White's idea is correct, but that move is too passive!} ({More
accurate was:} 24. Ne5 $142 Rf8 25. Nd3 Bd6 26. Nf4 $36) 24... Ba6 $4 {A
terrible blunder! It's funny enough, that several moves ago black has already
prevented a possible threats over the long diagonal.} ({Black should play
energetically in order to open a diagonals for his bishops. After:} 24... f4 $1
25. exf4 d4 26. Nd3 Nc3 27. Nxc5 bxc5 28. Rxc3 dxc3 29. Qxc3 Bd5 $1 30. Qxc5
Rc8 31. Qd4 Bxb3 {the most probable result of the game is a draw.}) 25. Bxa6 (
25. Bxa6 Rxa6 26. Qh8#) 1-0

[Event "Dubai op 6th"]
[Site "Dubai"]
[Date "2004.04.27"]
[Round "8"]
[White "Gelashvili, Tamaz"]
[Black "Hamdani, Rudin"]
[Result "1-0"]
[WhiteElo "2542"]
[BlackElo "2385"]
[Annotator "Roiz,M"]
[PlyCount "53"]
[EventDate "2004.04.19"]
[EventType "swiss"]
[EventRounds "9"]
[EventCountry "UAE"]
[SourceTitle "CBM 101"]
[Source "ChessBase"]
[SourceDate "2004.07.27"]
[SourceVersion "1"]
[SourceVersionDate "2004.07.27"]
[SourceQuality "1"]

1. Nf3 Nf6 2. d4 e6 3. c4 b6 4. e3 Bb7 5. Bd3 Be7 6. Nc3 d5 7. O-O O-O 8. b3 a6
{That standard move is practically necessary if black puts his dark-squared
bishop on d6. The main idea of this move is to prevent white from swapping the
light colored bishops by Bd3-a6. But in my opinion, it was better to do
without at this moment, as black somewhat weakens his queen-side.} ({In my
opinion,if black is planning to play c7-c5,he should do it immediately:} 8...
c5 9. dxc5 (9. cxd5 exd5 10. Bb2 Nc6 11. Ne2 Ne4 12. Ng3 Nb4 13. Bb1 Nxg3 14.
hxg3 Rc8 15. a3 Nc6 16. Bf5 Rc7 $11 {0-1 Ioseliani,N-Onischuk,A/Luzern 1997/
CBM 62 (75)}) 9... bxc5 10. Bb2 Nbd7 11. Rc1 Qa5 12. cxd5 exd5 13. Na4 Rac8 14.
Bc3 Qd8 15. Bf5 Ne4 16. Bxe4 dxe4 17. Ne5 Nxe5 18. Bxe5 f6 19. Bc3 {1/2-1/2
Khenkin,I-Lautier,J/ FRA-chT France 2001}) 9. Bb2 c5 {That is quite not the
best moment for c7-c5, as black's dark-squared bishop should be on d6.} ({
I would prefer:} 9... Nbd7 10. Qe2 Ne4 {with a long strategical struggle.}) 10.
cxd5 exd5 11. Qe2 {[%cal Gf1d1,Ga1c1] That move is connected with a plan of
putting pressure on black's queenside. White takes on control black's pawn a6
and prepares to put both his rooks on the central files.} ({Another plan is
transfering the knight to g3 in order to provoke g7-g6:} 11. Ne2 Nbd7 12. Ng3
Ne4 13. dxc5 bxc5 $6 (13... Nxg3 14. hxg3 bxc5 15. Qc2 h6 $11) 14. Bxe4 dxe4
15. Nd2 Bf6 16. Qc2 Bxb2 17. Qxb2 Qh4 $2 18. Qxg7+ Kxg7 19. Nf5+ Kg6 20. Nxh4+
$16 {1-0 Najdoski,T-El Ghazali,Y/Internet ICC 2002/EXT 2003 (76)}) 11... Re8 ({
After} 11... Nbd7 12. Rfd1 Re8 13. Bf5 b5 14. dxc5 Nxc5 15. Qe1 Qb6 16. Rac1 b4
17. Ne2 a5 18. Bd4 {white has got a clear advantage in 1-0 Kortschnoj,V-Piket,
J/ Corus Wijk aan Zee 2000 [Gershon]}) 12. Rac1 $146 (12. Rfd1 Bd6 13. Rac1
Nbd7 14. Bb1 $6 (14. Qf1 Qe7 15. Ne2 Ne4 16. Ng3 Nxg3 17. hxg3 Nf6 $11 {
Steinbacher,M-Conquest,S/BL 8889/1989/0-1 (41)}) (14. Bf5 $142 $14) 14... Rc8
15. h3 c4 16. bxc4 dxc4 17. e4 Bf4 18. Nd2 b5 $15 {0-1 Hassan,A-Gwaze,R/Bled
2002/EXT 2003 (64)}) 12... Bd6 13. Na4 $2 {That allows black to reach a strong
pawn's chain on the queen-side. Anyway, there was no reason to remove the
knight from the centre, as black is controlling his central pawns.} (13. dxc5
bxc5 14. Na4 Nbd7 15. Bf5 Qe7 $132) ({After the simple:} 13. Rfd1 $142 Nbd7 14.
Bf5 $14 {white could reach a stable advantage.}) 13... c4 ({An alternative was:
} 13... Nbd7 14. Bf5 Qe7 (14... c4 $5 15. bxc4 dxc4) 15. Rfd1 Rad8 {with black
has a good positions, as it's not easy to see how white is going to improve
his position.}) 14. Bb1 Nbd7 $15 {Now white's Na4 has no perspectives at all.
But the main problem is that white has no any real plan, and he is only hoping
for destroying black's chain of pawns by tactical operations which connected
with a sucrifices. On the other hand, black has a clear positional advantage
due to his better pawn structure and good development of his pieces.} 15. Rfd1
Qe7 (15... b5 $2 16. Nc5 Nxc5 17. dxc5 Bxc5 18. bxc4 bxc4 19. Rxc4 dxc4 20.
Rxd8 Raxd8 21. Bxf6 gxf6 22. Bc2 c3 23. Qc4 $16 {[%csl Rf6,Rf7,Rg8]}) ({
deserved attention also:} 15... Bc6 $5 16. Nc3 b5 17. bxc4 bxc4 (17... dxc4 $5
18. d5 Bb7 $15) 18. Bf5 Rb8 $15 {with a clear advantage for black.}) 16. Ne5 {
A good decision from psychological point of view! But doesn't gets a sufficien
compensation for a pawn, but now black has to play accurately, as white's
pieces become very active.} b5 17. Nxd7 Nxd7 18. Nc5 (18. Qc2 $6 Qh4 19. g3 Qh6
20. Qf5 Nf6 21. Nc5 Bc8 $1 22. Qc2 Qh3 $40) 18... Nxc5 19. dxc5 Bxc5 20. Qg4 {
White must play very actively-otherwise black's majority of qside pawns may
easily decide the game.} g6 21. h4 (21. Qf4 Bd6 22. Qh6 Be5 $17) 21... Rad8 $6
{That is already a first inaccuracy! Black doesn't pay any attention to what
white is doing!} (21... Ba3 $142 $1 {It's clear, that black should swap the
dark-squared bishops in order to decrease white's attacking potential.} 22.
Bxa3 Qxa3 23. h5 Re6 $17 {[%csl Rc1][%cal Ya3c1] and white can hardly create
any serious threats.}) (21... h5 $142 22. Qf4 Bd6 23. Qh6 Be5 $17) 22. h5 {
[%csl Rg6] This pawn is an important resource for an attack! The most
important fact is that now black's queen has to defend on Kg8, and that
doesn't allows black to swap the dark-squared bishops.} Bc8 23. Qf4 {The queen
is placed ideally, as it can controls all the important squares around black's
monarch.} Qe6 (23... Bd6 $2 24. Qd4 Be5 25. Qxe5 Qxe5 26. Bxe5 Rxe5 27. hxg6
hxg6 28. bxc4 bxc4 29. Rxc4 $14) (23... g5 $6 24. Qf3 $44 (24. Qf6 $2 Qxf6 25.
Bxf6 Bg4 $1 26. Rd2 Rd6 27. Bxg5 Bxh5 28. Bf4 Rdd8 29. Bg5 Bb4 30. Rd4 Rc8 $17)
) 24. Rd2 {That move shows,that white is still unable to create any serious
threats. But....} (24. hxg6 fxg6 $17) 24... Qg4 $4 {A terrible blunder!} ({
After} 24... Rd7 $1 25. Rcd1 Bd6 26. Qd4 (26. Qh4 Be5 $17) 26... Be5 27. Qxe5
Qxe5 28. Bxe5 Rxe5 29. bxc4 bxc4 $17 {black could consolidate.}) 25. Qf6 {
Suddenly the game is over!} d4 (25... Kf8 26. Qg7+ Ke7 27. Bf6+ Ke6 28. Bxd8
Rxd8 29. bxc4 bxc4 30. Qxh7 $18) 26. h6 $18 Bf8 (26... Kf8 27. Qg7+ Ke7 28.
Qe5+ $18 {[%csl Rc5][%cal Ge5c5]}) 27. Rxd4 {A great dream of white's
dark-squared bishop has realized!} 1-0

[Event "Dubai op 6th"]
[Site "Dubai"]
[Date "2004.04.21"]
[Round "3"]
[White "Mchedlishvili, Mikheil"]
[Black "Salem, Ghuloom"]
[Result "1-0"]
[WhiteElo "2543"]
[BlackElo "2342"]
[Annotator "Roiz,M"]
[PlyCount "55"]
[EventDate "2004.04.19"]
[EventType "swiss"]
[EventRounds "9"]
[EventCountry "UAE"]
[SourceTitle "CBM 101"]
[Source "ChessBase"]
[SourceDate "2004.07.27"]
[SourceVersion "1"]
[SourceVersionDate "2004.07.27"]
[SourceQuality "1"]

1. d4 Nf6 2. c4 e6 3. Nf3 b6 4. e3 Bb7 5. Bd3 d5 6. O-O Bd6 7. Nc3 $5 {An
interesting approach to playing a well-known system with 4.e3. The point is
that sometimes white can do without b2-b3 at all, concentrating mainly on
e3-e4.} ({The most popular line is:} 7. b3 O-O 8. Bb2 Nbd7 9. Nc3 a6) 7... dxc4
{In my opinion, it is better to wait with that move, as it allows white to
push e3-e4 comfortably.} (7... O-O 8. Qc2 (8. cxd5 exd5 9. b3 Nbd7 10. Bb2 a6
11. Rc1 Qe7 12. Ne2 Ne4 13. Qc2 Rfe8 14. Ng3 g6 15. Ne5 Nxg3 16. hxg3 Nf6 $11 {
1-0 Javakhishvili,L-Lahno,K/Antalya 2002/CBM 90 ext (55)}) (8. Qe2 c5 (8... Ne4
9. Rd1 Nd7 10. Bd2 a6 11. a3 Ndf6 12. Rac1 Qe7 13. Be1 c5 14. Ne5 $11 {1/2-1/2
Balashov,Y-Vyzmanavin,A/St Petersburg 1993/CBM 34 (31)}) 9. Rd1 Nbd7 10. cxd5
exd5 11. Ba6 Qc8 12. Bxb7 Qxb7 13. b3 Rfe8 14. Bb2 Rac8 15. dxc5 bxc5 16. Qb5
Nb6 $11 {1/2-1/2 Plachetka,J-Huebner,R/Leipzig 2002/CBM 89 (42)}) 8... dxc4 9.
Bxc4 c5 10. Rd1 Bxf3 11. gxf3 cxd4 12. Rxd4 Nc6 13. Rd1 Qe7 14. Qe2 Rfd8 $11 {
1-0 Epishin,V-Oll,L/Tallinn 1988/EXT 2000 (43)}) 8. Bxc4 O-O (8... Nbd7) 9. Qe2
Nbd7 10. e4 c5 (10... e5 11. dxe5 $6 {After this move black easily reachs
equality, while after the correct} (11. d5 $5 c6 $6 (11... Re8 12. h3 Qe7 13.
Bg5 $14) (11... a6 12. a4 Nh5 13. g3 g6 14. Bh6 Re8 15. Rac1 $14 {1/2-1/2
Djuric,S-Giorgadze,G/Panormo 1998/CBM 67 ext (20)}) 12. dxc6 Bxc6 13. Rd1 Qe7
14. Nh4 g6 15. Bg5 $14 {white is clearly better.}) 11... Nxe5 12. Nxe5 Bxe5 13.
Rd1 Qe7 $11 {1/2-1/2 Doettling,F-Mikhalevski,A/Tel Aviv 2001/CBM 82/[Finkel,A]
(41)}) 11. dxc5 ({Nothing gives} 11. e5 cxd4 12. exf6 dxc3 13. fxg7 Kxg7 {
and black is fine.}) 11... Bxc5 {This position can arise from different
openings, and it was checked by top players in the past.} 12. Bf4 {That move
was played only once according to my database - it looks quite logical, as
white takes control on important diagonal. At the same time, it's not
energetically enough and allows black to get a reasonable counerplay against
Pe4.} ({Besides, white has a following alternatives:} 12. Bg5 Qb8 (12... Qc7
13. Rfd1 Ne5 14. Bxf6 gxf6 15. Nxe5 fxe5 $2 (15... Qxe5 $11) 16. Qh5 Kh8 17.
Rac1 Rad8 18. Rxd8 Rxd8 19. Nb5 Qe7 20. Qxe5+ $16 {1-0 Tal,M-Portisch,L/Varna
1958/EXT 2001 (33)}) (12... h6 13. Bh4 Qb8 14. Rfd1 Ne5 15. Bg3 Nxf3+ 16. Qxf3
Qc8 17. Bd3 Rd8 18. Rac1 $14 {1/2-1/2 Smyslov,V-Sliwa,B/Bucharest 1953/MCL (42)
}) 13. Rac1 Ne5 14. Bxf6 gxf6 15. Nxe5 Qxe5 $11 {1/2-1/2 Larsen,B-Bilek,I/
Dortmund 1961/EXT 2000 (43)}) (12. e5 $5 Bxf3 (12... Ng4 13. Bf4 $14) 13. gxf3
Nh5 14. Rd1 Qe7 15. f4 g6 16. f5 exf5 17. e6 Ndf6 18. exf7+ Kg7 19. Qxe7 Bxe7
20. Nb5 $1 $16 {1-0 Petrosian,T-Karpov,A/Moscow 1973/URS-ch (65)}) 12... Bb4 $1
$146 {An important improvement of black's play, which forces white to worry
about Pe4 and shows a drawback of white's last move.} (12... a6 13. h3 b5 14.
Bd3 b4 15. Na4 Qa5 16. b3 Be7 17. Rac1 Rac8 18. Nd2 $14 {1-0 Furman,S-Antoshin,
V/Moscow 1957/URS-ch (36)}) (12... Nh5 13. Bg5 Be7 14. Bd2 $14) 13. Nd2 {
It's clear, that white cannot get much after this passive move.} ({Dubiously
is:} 13. Rad1 $6 Bxc3 14. bxc3 Nxe4 {[%csl Rc3][%cal Ge4c3] and white has no
sufficient compensation for a pawn.}) (13. e5 Bxc3 14. bxc3 Nd5 (14... Qc7 $5)
15. Bd2 Qc7 $11) 13... a6 $5 {A standard idea: black will seize a space on the
qside or provoke a favourable a2-a4.} ({A good alternative was:} 13... Bxc3 14.
bxc3 e5 15. Bg5 Qc7 $11 {and white's pair of the bishops compensates the
weakness on c3, but not more than that.}) 14. Rac1 b5 {The main drawback of
black's last moves is some weakness of black squares,which will be even more
significant if black would exchange his dark-squared bishop.} ({more accurate
was:} 14... Rc8 $1 15. a3 (15. Bxa6 $2 Bxa6 16. Qxa6 Nc5 17. Qb5 Nd3 $17) (15.
a4 Bxc3 16. Rxc3 Nc5 $15 {[%csl Ra4,Re4]}) 15... Bxc3 16. Rxc3 b5 17. Bd3 Rxc3
18. bxc3 e5 $11) 15. Bd3 Rc8 16. Bb1 {Finally, the bishop has found a safe
place.} e5 $11 {That move is more or less necessary, since white can already
think about e4-e5 in order to seize a space on the kside and develop a
dangerous initiative.} (16... Bxc3 17. bxc3 Qa5 (17... Qe7 $5) 18. Bd6 Rfd8 19.
e5 Nd5 20. Qd3 f5 21. Nb3 Qa4 22. Nd4 $36) 17. Be3 Qe7 18. f3 {White's pawn
chain is very useful against Bb7. At the same time, black has no problems
anyway.} Rfd8 (18... Bc5 19. Rfd1 Bxe3+ 20. Qxe3 Rfd8 $11) 19. Rfd1 Nc5 {
[%csl Rd4][%cal Gc5e6] Transfering the knight to e6, there it will control an
important dark squares d4 and f4.} (19... Bc5 20. Nf1 Nb6 $11) 20. Nf1 (20. a3
$6 Bxc3 21. Rxc3 Na4 $36 {[%csl Rb2][%cal Ga4b2]}) 20... Ne6 21. Qf2 {White
has to play accurately, as all black pieces are very active, so he is prepared
well for any tactical operations.} (21. Nd5 $6 Nxd5 22. Rxc8 Rxc8 23. exd5 Nd4
24. Bxd4 exd4 $15) 21... Bxc3 (21... Rxd1 22. Nxd1 Rxc1 23. Bxc1 Bc5 24. Be3
$11) 22. Rxd8+ Rxd8 $2 {[%mdl 16384] I cannot explain that move. Black just
allows white to avoid a weakness.} ({After the natural} 22... Qxd8 23. Rxc3
Rxc3 24. bxc3 Qc7 25. Qb2 $11 {the draw is the most probable result.}) 23. Rxc3
$14 {Now white has a small, but stable advantage due to pair of the bishops.
It's also important to notice that only Ne6 is placed well - another black's
knight has no perspectives at all.} Nd4 $6 {An additional inaccuracy which
leads to a loss of time.} (23... g6 $142) 24. Rd3 Ne6 25. Rxd8+ Qxd8 26. Qd2 $1
{The endgame will be very difficult for black.} Nd4 $6 ({After} 26... Qc7 27.
Ng3 Bc8 $16 {black's chances of survival cannot be underestimated.}) 27. Ng3 h5
$2 {That is already a decisive mistake - after this move black couldn't avoid
a loss of a pawn.} ({Better was} 27... Ne6 $142 28. Qxd8+ Nxd8 29. Nf5 $16 {
although black's position is very hard.}) 28. Bxd4 $18 {The position is
already winning for white, but some technical job is required. That's why the
resignation seems to be an early decision.} (28. Bxd4 Qxd4+ (28... exd4 29. Nf5
$18 {[%cal Gd2d4,Gd2g5]}) 29. Qxd4 exd4 30. Nf5 $18) 1-0